| 000 | 00949nam a2200265Ia 4500 | ||
|---|---|---|---|
| 005 | 20190205112038.0 | ||
| 008 | 130821s2012 xxu gr eng | ||
| 020 | _a9781437724110 (4a.Ed.) | ||
| 020 | _a 721665497 (2a.Ed.) | ||
| 040 |
_aCo-BoUCM _bspa _cDoris Forero _dDoris Forero |
||
| 041 | 0 | 0 | _aeng |
| 060 | _aQT 261 | ||
| 245 | 0 | 0 |
_aPhysical rehabilitation of the injured athlete _ceditado por James R. Andrews, Gary L. Harrelson, Kevin E. Wilk |
| 250 | _a4th ed. | ||
| 260 |
_aFiladelfia (Pensilvania, Estados Unidos) _bW.B. Saunders _c2012 |
||
| 300 | _axiii, 618 páginas | ||
| 500 | _aIncluye bibliografía e índice. | ||
| 650 | 0 | 4 |
_aAccidentes deportivos _98317 |
| 650 | 0 | 4 |
_aFisioterapia _915956 |
| 650 | 0 | 4 |
_aMedicina deportiva _919146 |
| 700 | 1 |
_aAndrews, James R. _eeditor _995384 |
|
| 700 | 1 |
_aHarrelson, Gary L. _eeditor _995385 |
|
| 700 | 1 |
_aWilk, Kevin E. _eeditor _995386 |
|
| 942 |
_cLIBRO _a15 _e4 _mP578 _2NLM _hQT 261 |
||
| 999 |
_c40674 _d40674 |
||